000 004340000a22001810004500
020 _a950-9334-39-1
041 0 _aSPA
082 0 4 _aG 261.51 F119c
100 1 _aFabio, Caio
245 1 0 _aLa crisis de ser y de tener / Caio Fabio
260 _a[S.L] : Logos
300 _a107 Pag
001 6812
942 _cBK
999 _c37070
_d37070
336 _atexto
_btxt
_2rdacontent
337 _2rdamedia
_asin mediación
_bn
338 _2rdacarrier
_avolumen
_bnc